| 000 | 00683nam a22001937a 4500 | ||
|---|---|---|---|
| 005 | 20100806100612.0 | ||
| 010 | _aENG-98481 | ||
| 020 |
_a9789380173252 _c170.00 |
||
| 035 | _aEN-82014 | ||
| 037 | _bDBAD/PUB | ||
| 082 | _a954.0072054 | ||
| 100 |
_aNapoleon,k. _98741 |
||
| 245 |
_aIndian historians/ _cby K.Napoleon |
||
| 260 |
_aKoradacherry _bAruma Pathipagam _c2009 |
||
| 270 |
_a35 Gandhi Coloni,Koradacherry _bKoradacherry _e613703 |
||
| 300 |
_aiv 188p. _c20cm (pbk) |
||
| 942 |
_2ddc _cEN _h954.0072054 _mNAP |
||
| 999 |
_c39599 _d39599 |
||